A handful of thieves / (Record no. 2856)

MARC details
000 -LEADER
fixed length control field 00845cam a22002651 4500
001 - CONTROL NUMBER
control field 2856
003 - CONTROL NUMBER IDENTIFIER
control field FISKH
005 - DATE AND TIME OF LATEST TRANSACTION
control field 20240117155701.0
008 - FIXED-LENGTH DATA ELEMENTS--GENERAL INFORMATION
fixed length control field 850920r1967 pau j 000 1 eng
010 ## - LIBRARY OF CONGRESS CONTROL NUMBER
LC control number 67019264
020 ## - INTERNATIONAL STANDARD BOOK NUMBER
International Standard Book Number 0435121901
040 ## - CATALOGING SOURCE
Original cataloging agency DLC
Transcribing agency DLC
Modifying agency DLC
Language of cataloging eng
042 ## - AUTHENTICATION CODE
Authentication code lcac
050 00 - LIBRARY OF CONGRESS CALL NUMBER
Classification number PZ7.B33
Item number Han2
082 00 - DEWEY DECIMAL CLASSIFICATION NUMBER
Classification number [Fic]
100 1# - MAIN ENTRY--PERSONAL NAME
Personal name Bawden, Nina,
Dates associated with a name 1925-2012.
245 12 - TITLE STATEMENT
Title A handful of thieves /
Statement of responsibility, etc. by Nina Bawden
250 ## - EDITION STATEMENT
Edition statement This edition published in 1974
260 ## - PUBLICATION, DISTRIBUTION, ETC.
Place of publication, distribution, etc. London :
Name of publisher, distributor, etc. Heinemann,
Date of publication, distribution, etc. 1967
300 ## - PHYSICAL DESCRIPTION
Extent 127 pages :
Dimensions 20 cm
520 ## - SUMMARY, ETC.
Summary, etc. When a confidence man disappears with Fred's grandmother's savings, the five children of the committee set out to find the man and recover the money.
650 ## - SUBJECT ADDED ENTRY--TOPICAL TERM
Topical term or geographic name entry element Mystery
Form subdivision Fiction
906 ## - LOCAL DATA ELEMENT F, LDF (RLIN)
a 7
b cbc
c orignew
d u
e ocip
f 19
g y-gencatlg
942 ## - ADDED ENTRY ELEMENTS (KOHA)
Source of classification or shelving scheme Dewey Decimal Classification
Koha item type Books
Suppress in OPAC No
Holdings
Withdrawn status Lost status Source of classification or shelving scheme Damaged status Not for loan Collection Home library Current library Shelving location Date acquired Total Checkouts Full call number Barcode Date last seen Price effective from Koha item type
    Dewey Decimal Classification     Fiction Footprints International School Library Network Toul Kork Campus Footprints International School Library Network Toul Kork Campus   01/17/2024   BAW Fic PZ7.B33 FIS00938 01/17/2024 01/17/2024 Books